000 00766nam a2200289Ia 4500
005 20260324125016.0
008 008 260324s9999 xx 000 0 eng d
020 _a9780429477034
037 _aEBOOK
040 _aCRL
040 _beng
040 _cCRL
041 _2eng
041 _aeng
084 _qCRL
100 _aDr. Carina Eriksen
_91176343
245 0 _aManaging Work and Relationships at 35,000 Feet
245 2 _bA Practical Guide for Making Personal Life Fit Aircrew Shift Work, Jetlag, and Absence from Home
260 _bTaylor and Francis
260 _c2009
365 _a
365 _b205
856 _uhttp://www.taylorfrancis.com/books/9780429477034
942 _cEBOOK
999 _c1771226
_d1771226